1880 1307 1115 1335 1854 1371 1311 1205 1898 1267 1028 1161 1051 1878 1761 1081 1818 1041 1836 1307 1194 1116 1400 1202 1503 1263 1985 1304 1887 1811 1253 1287 1280 1004 1705 1805 1991 1405 1243 1689 1076 1277 1376 1096 1763 1910 1800 1087 1525 1196 1404 1130 1923 1786 1143 1912 1426 1280 1770 1064 1284 1549 1170 1163 1728 1926 1361 1527 1591 1448 1788 1954 1548 1016 1611 1851 1055 1979 1035 1921 1502 1896 1902 1146 1736 1226 1953 1737 1414 1819 1835 1921 1068 1114 1042 1868 1882 1408 1185 BCNSPRNW ULIB Ver.6.0+V

เปลี่ยนเป็นภาษาไทย

Change to English
 แสดงรายละเอียดบรรณานุกรม
  กลับหน้าหลัก

Brief Record : Get Marc (ISO 2709) : E-mail record : QR code < ปิดหน้าต่าง
LEADER : 00000nam 2200000uu 4500
001    13399113563
003     ULIB
008    111128s2552||||th 000 0 tha d
020    ^a9789746907224
090    ^aนว.^bล979บ 2552
100 0  ^aไลแลต
245 00 ^aมายา รักร้าย/^cไลแลต
250    ^aพิมพ์ครั้งที่ 1
260    ^aกรุงเทพฯ :^bดอกหญ้า 2000,^c2552
300    ^a262 หน้า
710 1  ^aดอกหญ้า 2000
945    ^p179^l0^i16426
995    ^aกัณชพร
999    ^aใช้งานได้ทุกระบบ
รายการนี้ยังไม่มีแท็ก
คุณยังไม่ได้ล็อกอิน คุณสามารถมีกิจกรรมร่วมกับเว็บไซต์ได้ แต่ต้องล็อกอินก่อน ::
  ล็อกอิน

รายการสื่อสารสนเทศ

ลำดับที่ ประเภท เลขเรียก/บาร์โค้ด สถานที่ สถานะ
1. นวนิยาย
นวนิยาย
นว. ล979บ 2552  
  Barcode: 16426
ห้องสมุดวิทยาเขตสวรรค์ประชารักษ์
►นวนิยาย
บนชั้น
  ขอยืม

BibComment


ยังไม่เคยถูกคอมเมนท์

คอมเมนท์ทรัพยากรรายการนี้
  คอมเมนท์: มายา รักร้าย ไลแลต


 Copyright 2026. Bcnsprnw @Library